Normal view
MARC view
Entry Personal Name
001 - CONTROL NUMBER
- control field: 12372
003 - CONTROL NUMBER IDENTIFIER
- control field: BD-RjUL
005 - DATE AND TIME OF LATEST TRANSACTION
- control field: 20240318103314.0
008 - FIXED-LENGTH DATA ELEMENTS
- fixed length control field: 240318|| aca||aabn | a|a d
040 ## - CATALOGING SOURCE
- Original cataloging agency: BD-RjUL
- Transcribing agency: BD-RjUL
100 ## - HEADING--PERSONAL NAME
- Personal name: Forster, E. M.
- Fuller form of name: (Edward Morgan),
- Dates associated with a name: 1879-1970
670 ## - SOURCE DATA FOUND
- Source citation: Work cat.: (BD-RjUL)83372: Trilling, Lionel, 1905-1975 12371, E. M. Forster: , 1944, [reprinted 1959]